000
00247nam a22001097a 4500
082
_a
530 LAB'M
100
_a
MCGRAW HILL
_9
10562
245
_a
LABORATORY PHYSICS PART -A
260
_a
NEWYORK
_b
MCGRAW HILL
_c
1964
300
_a
A12-115
942
_c
BK
999
_c
567513
_d
567513